000 00531nam a22001697a 4500
005 20251108172302.0
008 250721s1996 xx 000 0 ara d
082 1 4 _aط/750/سحر
245 1 0 _aفصول السنة 4 و الليل و النهار و السماء /
264 1 _aالقاهره :
_bالهيئة المصرية العامة للكتاب،
_c1996.
300 _a31ص
490 0 _aجائزة سوزان مبارك 1996
650 1 7 _aالرسم
650 1 7 _aالتلوين
942 _2ddc
_cBK
999 _c75153
_d75153